Bücher der katholischen Bibel - Statistiken

Allgemein
  • Dieses Quiz wurde 32 mal gespielt
  • Das Durchschnittsergebnis liegt bei 23 aus 73
Antwortstatistiken
categorie Hint Antwort % Korrekt
Overige brieven 69 1. Johannes
83%
Overige brieven 70 2. Johannes
83%
Overige brieven 71 3. Johannes
83%
Wet 1 Genesis
83%
Evangelie 50 Johannes
83%
Evangelie 49 Lukas
83%
Evangelie 47 Matthäus
83%
Evangelie 48 Markus
79%
Wet 2 Exodus
67%
Profetie 73 Offenbarung | Apokalypse
58%
Geschiedenis 8 Rut
58%
Grote profeten 30 Jeremia
54%
Overige brieven 67 1. Petrus
50%
Overige brieven 68 2. Petrus
50%
Poëzie 23 Psalmen
50%
Geschiedenis 9 1. Samuel
46%
Geschiedenis 10 2. Samuel
46%
Geschiedenis 2 51 Apostelgeschichte
46%
Wet 4 Numeri
46%
Wet 5 Deuteronomium
42%
Wet 3 Levitikus
42%
Brieven van Paulus 52 Römer
42%
Kleine profeten 39 Jona
38%
Overige brieven 72 Judas
38%
Brieven van Paulus 53 1. Korinther
33%
Grote profeten 34 Daniel
33%
Geschiedenis 19 Ester
33%
Grote profeten 29 Jesaja
33%
Geschiedenis 11 1. Könige
29%
Geschiedenis 12 2. Könige
29%
Brieven van Paulus 54 2. Korinther
29%
Brieven van Paulus 56 Epheser
29%
Geschiedenis 7 Richter
29%
Overige brieven 66 Jakobus
25%
Poëzie 22 Ijob
21%
Geschiedenis 6 Josua
21%
Brieven van Paulus 58 Kolosser
21%
Kleine profeten 40 Micha
21%
Brieven van Paulus 64 Philemon
21%
Brieven van Paulus 63 Titus
21%
Geschiedenis 13 1. Chronik
17%
Geschiedenis 14 2. Chronik
17%
Kleine profeten 37 Amos
17%
Geschiedenis 15 Esra
17%
Brieven van Paulus 55 Galather
17%
Kleine profeten 42 Habakuk
17%
Kleine profeten 35 Hosea
17%
Poëzie 28 Jesus Sirach
17%
Poëzie 25 Kohelet
17%
Brieven van Paulus 57 Philipper
17%
Brieven van Paulus 60 2. Thessalonicher
13%
Brieven van Paulus 59 1. Thessalonicher
13%
Grote profeten 33 Ezechiel
13%
Overige brieven 65 Hebräer
13%
Poëzie 26 Hoheslied
13%
Kleine profeten 36 Joel
13%
Kleine profeten 46 Maleachi
13%
Kleine profeten 41 Nahum
13%
Geschiedenis 16 Nehemia
13%
Geschiedenis 17 Tobit
13%
Poëzie 27 Weisheit
13%
Kleine profeten 43 Zefanja
13%
Geschiedenis 20 1. Makkabäer
8%
Brieven van Paulus 61 1. Timotheus
8%
Geschiedenis 21 2. Makkabäer
8%
Brieven van Paulus 62 2. Timotheus
8%
Kleine profeten 44 Haggai
8%
Geschiedenis 18 Judit
8%
Kleine profeten 38 Obadja
8%
Kleine profeten 45 Sacharja
8%
Poëzie 24 Sprichwörter
8%
Grote profeten 32 Baruch
4%
Grote profeten 31 Klagelieder
4%
Keine übereinstimmenden Quizze gefunden
Verteilung der Resultate
Anzahl Personen mit jedem Resultat
Perzentil nach korrekt beantworteten Fragen
Ihre Resultats-Entwicklung
Sie haben dieses Quiz noch nicht gespielt